[Event "JAM Masters-B"]
[Site "Kingston"]
[Date "2017.10.22"]
[Round "3.3"]
[White "Glaves, Raheem"]
[Black "Christie, Michael"]
[Result "0-1"]
[WhiteElo "1827"]
[BlackElo "1856"]
[PlyCount "106"]
[EventDate "2017.09.30"]
[EventType "k.o."]
[EventRounds "3"]
[EventCountry "JAM"]
[SourceTitle "CBM 181 Extra"]
[Source "ChessBase"]
[SourceDate "2017.12.12"]
[SourceVersion "1"]
[SourceVersionDate "2017.12.12"]
[SourceQuality "1"]

1. e4 e6 2. d4 d5 3. Nd2 Nf6 4. e5 Nfd7 5. Bd3 c5 6. c3 Nc6 7. Ne2 cxd4 8. cxd4 f6 9. exf6 Nxf6 10. 0-0 Bd6 11. Nf3 0-0 12. Bf4 Bxf4 13. Nxf4 Ne4 14. Ne2 Ng5 15. Ne5 Nxe5 16. dxe5 Qb6 17. Ng3 Nf7 18. Qh5 Nh6 19. Qg5 Nf7 20. Qe7 Qd8 21. Qxd8 Rxd8 22. f4 Bd7 23. Rac1 Rac8 24. Ne2 g6 25. h3 Kg7 26. Nd4 Nh6 27. g4 Kf7 28. Bb5 Ke7 29. Bxd7 Kxd7 30. Nb5 a6 31. Nd6 Rxc1 32. Rxc1 b6 33. b4 Rf8 34. Rf1 Nf7 35. Nxf7 Rxf7 36. Kg2 Kc6 37. a4 d4 38. h4 Kd5 39. Kf3 Rc7 40. f5 Rf7 41. Kf4 gxf5 42. g5 d3 43. h5 Kd4 44. g6 hxg6 45. hxg6 Rd7 46. Kg5 Kxe5 47. Re1+ Kd4 48. Kf6 d2 49. Rg1 Kc3 50. Kxe6 d1Q 51. Rxd1 Rxd1 52. a5 bxa5 53. bxa5 f4 0-1

[Event "JAM Masters-B"]
[Site "Kingston"]
[Date "2017.10.21"]
[Round "3.1"]
[White "Glaves, Raheem"]
[Black "Christie, Michael"]
[Result "1/2-1/2"]
[WhiteElo "1827"]
[BlackElo "1856"]
[PlyCount "199"]
[EventDate "2017.09.30"]
[EventType "k.o."]
[EventRounds "3"]
[EventCountry "JAM"]
[SourceTitle "CBM 181 Extra"]
[Source "ChessBase"]
[SourceDate "2017.12.12"]
[SourceVersion "1"]
[SourceVersionDate "2017.12.12"]
[SourceQuality "1"]

1. d4 d5 2. Nf3 Nf6 3. Bf4 Bf5 4. e3 e6 5. Be2 Be7 6. 0-0 Nbd7 7. Nbd2 Ne4 8. Nxe4 Bxe4 9. Nd2 Bg6 10. c4 c6 11. Rc1 0-0 12. Qb3 Qb6 13. Qxb6 Nxb6 14. c5 Nd7 15. b4 f6 16. Bg4 Kf7 17. Nb3 h5 18. Bh3 Bd3 19. Rfd1 Ba6 20. f3 g5 21. Bd6 f5 22. g3 Be2 23. Rd2 Bxf3 24. Na5 Nf6 25. Nxb7 Ne4 26. Rdc2 Ke8 27. Bxe7 Kxe7 28. Na5 Kd7 29. Bf1 a6 30. Bd3 h4 31. Rf1 g4 32. gxh4 Rh8 33. Bxe4 fxe4 34. Rff2 Rxh4 35. Rfd2 Rg8 36. Kf1 g3 37. hxg3 Rxg3 38. Rh2 Rgh3 39. Kg1 Rg3+ 40. Kf1 Rhg4 41. Rh7+ Kc8 42. Rh8+ Kd7 43. Rh7+ Ke8 44. Rch2 Rg1+ 45. Kf2 R4g2+ 46. Rxg2 Rxg2+ 47. Kf1 Re2 48. Nxc6 Rxe3 49. Re7+ Kf8 50. Rxe6 Bg4 51. Rf6+ Kg7 52. Rf2 Bh3+ 53. Kg1 Rc3 54. Ne5 e3 55. Re2 Kf6 56. Kh2 Bf5 57. Kg3 Kg5 58. a4 Rb3 59. b5 axb5 60. axb5 Rxb5 61. Rxe3 Rb4 62. Rc3 Kf6 63. Nc6 Rb1 64. Rf3 Kg5 65. Ne5 Be4 66. Rc3 Rg1+ 67. Kf2 Rg2+ 68. Kf1 Kf4 69. c6 Rg8 70. c7 Bf5 71. Nf7 Ke4 72. Rc6 Kxd4 73. Nd8 Bh3+ 74. Kf2 Ke4 75. c8Q Bxc8 76. Rxc8 d4 77. Ra8 Rf8+ 78. Ke2 d3+ 79. Kd2 Rf2+ 80. Kc3 Rc2+ 81. Kb3 Rc1 82. Ra2 Ke3 83. Rh2 d2 84. Rxd2 Kxd2 85. Ne6 Rc6 86. Nd4 Rc3+ 87. Kb4 Kd3 88. Nb3 Rc4+ 89. Kb5 Kc3 90. Nc5 Kd4 91. Nb3+ Kd5 92. Na5 Rc8 93. Nb7 Rc1 94. Kb6 Rc6+ 95. Kb5 Rc2 96. Kb6 Rb2+ 97. Kc7 Rb3 98. Nd8 Rc3+ 99. Kd7 Rh3 100. Nf7 1/2-1/2

[Event "JAM-ch 49th"]
[Site "Kingston"]
[Date "2017.01.15"]
[Round "4"]
[White "Lungrin, Rashade"]
[Black "Christie, Michael"]
[Result "1-0"]
[WhiteElo "1823"]
[BlackElo "1819"]
[PlyCount "41"]
[EventDate "2017.01.07"]
[EventType "tourn"]
[EventRounds "11"]
[EventCountry "JAM"]
[SourceTitle "EXT 2020"]
[Source "ChessBase"]
[SourceDate "2019.10.17"]
[SourceVersion "1"]
[SourceVersionDate "2019.10.17"]
[SourceQuality "1"]

1. c4 e5 2. Nc3 Nc6 3. g3 f5 4. Bg2 Nf6 5. a3 a5 6. d3 Bc5 7. Nf3 0-0 8. e3 Re8 9. 0-0 Bf8 10. e4 d6 11. Nh4 Nd4 12. exf5 c6 13. g4 Be7 14. Bg5 Rb8 15. Bxf6 Bxf6 16. Nf3 h5 17. h3 hxg4 18. hxg4 Nxf3+ 19. Bxf3 Bg5 20. Kg2 Bh6 21. Qb3 1-0

[Event "JAM-ch 49th"]
[Site "Kingston"]
[Date "2017.01.14"]
[Round "3"]
[White "Curriah, Malik"]
[Black "Christie, Michael"]
[Result "1-0"]
[WhiteElo "1940"]
[BlackElo "1819"]
[PlyCount "111"]
[EventDate "2017.01.07"]
[EventType "tourn"]
[EventRounds "11"]
[EventCountry "JAM"]
[SourceTitle "EXT 2020"]
[Source "ChessBase"]
[SourceDate "2019.10.17"]
[SourceVersion "1"]
[SourceVersionDate "2019.10.17"]
[SourceQuality "1"]

1. e4 e6 2. d4 d5 3. e5 c5 4. c3 Nc6 5. Nf3 Qb6 6. a3 a5 7. Bd3 Bd7 8. 0-0 cxd4 9. cxd4 Nge7 10. Nc3 Ng6 11. Na4 Qc7 12. Bg5 Be7 13. Bxe7 Ngxe7 14. Rc1 h6 15. b4 axb4 16. axb4 Qd8 17. b5 Na5 18. Qc2 Rc8 19. Qb2 b6 20. Rxc8 Bxc8 21. Rc1 Bb7 22. Qb4 Nc8 23. Ra1 Nc4 24. Qc3 0-0 25. Ne1 f6 26. Bxc4 dxc4 27. Qxc4 Bd5 28. Qe2 fxe5 29. dxe5 Qg5 30. Nc3 Bb7 31. Qe3 Qg6 32. Rd1 Qf5 33. Rd7 Ba8 34. Ne2 Bd5 35. Ng3 Qg6 36. Rc7 h5 37. Qc3 h4 38. Rxc8 hxg3 39. Rxf8+ Kxf8 40. hxg3 Qb1 41. Qc8+ Kf7 42. Qd7+ Kf8 43. Qc8+ Kf7 44. Qc3 Qxb5 45. Nd3 Qb1+ 46. Kh2 Qf1 47. Nf4 Qxf2 48. Qc7+ Ke8 49. Qxg7 Qd2 50. Qc7 Qd4 51. Nh5 Qd2 52. Nf6+ Kf8 53. Qd8+ Kg7 54. Qg8+ Kh6 55. Qh7+ Kg5 56. Qh5# 1-0